| 000 | 00551nam a2200205Ia 4500 | ||
|---|---|---|---|
| 008 | 131103s9999 xx 000 0 und d | ||
| 040 | _aLoreto College | ||
| 041 | _aEnglish | ||
| 082 |
_a946.08/FOS _bLCLIB/2515 |
||
| 100 | _aFoss, William | ||
| 245 | 4 |
_aThe Spanish arena _cWilliam Foss & Cecil Gerahty |
|
| 260 |
_aLondon _bThe Catholic Book Club _c[19?] |
||
| 300 |
_a517p. _c 22cm. |
||
| 504 | _aIncludes index | ||
| 650 | _aHistory | ||
| 651 | _aSpain - History | ||
| 700 | _aGerahty, Cecil | ||
| 850 | _aLCLIB/946.08/FOS | ||
| 942 | _cBK | ||
| 999 |
_c25083 _d75562 |
||